000 03320nam a22003855i 4500
001 978-1-84882-997-8
003 DE-He213
005 20250131142734.0
007 cr nn 008mamaa
008 100406s2010 xxk| s |||| 0|eng d
020 _a9781848829978
_9978-1-84882-997-8
024 7 _a10.1007/978-1-84882-997-8
_2doi
040 _aKO
_beng
041 0 _aeng
082 0 4 _a658.5
_223
100 1 _aLun, Yuen Ha (Venus).
_eauthor.
_4aut
_4http://id.loc.gov/vocabulary/relators/aut
245 1 0 _aShipping and Logistics Management
_h[electronic resource] /
_cby Yuen Ha (Venus) Lun, Kee Hung Lai, Tai Chiu Edwin Cheng.
250 _a1st ed. 2010.
264 1 _aLondon :
_bSpringer London :
_bImprint: Springer,
_c2010.
300 _aXV, 238 p.
_bonline resource.
338 _aonline resource
505 0 _aInternational Trade and Shipping -- Freight Rate Mechanism -- Bulk Shipping Market -- Container Shipping Market -- Business Strategy in Shipping -- Growth of Firms -- Fleet Mix Decision -- Liner Shipping Network -- Container Transport Chain -- Intermodal Transport System -- Managing Empty Containers -- Container Transport Security -- Port Operations -- Managing Container Terminals -- Agile Port -- Port Development.
520 _aThe term 'shipping' has evolved from its original relationship to ships and seaborne trade, to encompass any mode of transport that moves goods between two points. The implication of the extended meaning of 'shipping' is that the shipping industry has become more complex, as well as more dynamic. Traditionally, the theory and knowledge of shipping management and operations are transferred in the workplace, from practitioners to newcomers; little has been systemically organized and published in books. Shipping and Logistics Management serves to consolidate the knowledge its authors have acquired from being educators and observers of the shipping industry. Against the background of a global business environment, it explains how the shipping market functions, examining the strategic and operational issues that affect entrepreneurs in this industry. The authors discuss global trends and strategies in the shipping business, looking at the role of logistics service providers and at how the use of information technology can help shipping operations. Shipping and Logistics Management also aims to answer several important questions in the shipping industry, including: • What are the shipping markets? • How are freight rates determined? • What are the shipping cost structures? • What are the patterns of sea transport? and • How do companies in the shipping industry operate? An invaluable source of information for researchers and advanced, or graduate, students, Shipping and Logistics Management is also a useful reference for shipping practitioners and consultants.
650 0 _aIndustrial Management.
650 0 _aProduction management.
650 1 4 _aIndustrial Management.
650 2 4 _aOperations Management.
700 1 _aLai, Kee Hung.
_eauthor.
_4aut
_4http://id.loc.gov/vocabulary/relators/aut
700 1 _aCheng, Tai Chiu Edwin.
_eauthor.
_4aut
_4http://id.loc.gov/vocabulary/relators/aut
856 4 0 _uhttps://doi.org/10.1007/978-1-84882-997-8
904 _aRUDRA_R
905 _aR_RANJAN
942 _2ddc
_cEB
999 _c3216
_d3216